Financial crisis : causes, context and consequences (Record no. 30036)

MARC details
000 -LEADER
fixed length control field 00552nam a2200181Ia 4500
020 ## - INTERNATIONAL STANDARD BOOK NUMBER
ISBN 9780273735113
050 ## - CALL MARK
Classification number HB 371.7 2008 .B83/
100 ## - STATEMENT OF RESPONSIBILITY--MAIN AUTHOR NAME
Personal name Buckley, Adrian.
245 #0 - TITLE STATEMENT
Title Financial crisis : causes, context and consequences
260 ## - PUBLICATION, DISTRIBUTION, ETC. (IMPRINT)
Place of publication Harlow
260 ## - PUBLICATION, DISTRIBUTION, ETC. (IMPRINT)
Name of publisher Prentice Hall
260 ## - PUBLICATION, DISTRIBUTION, ETC. (IMPRINT)
Year of publication 2011
300 ## - PHYSICAL DESCRIPTION
Number of Pages 342 p
650 ## - SUBJECT ADDED ENTRY--TOPICAL TERM
Topical Term Global Financial Crisis International finance. Loans, Foreign. Banks and banking_Corrupt practices. Monetary policy.
942 ## - ADDED ENTRY ELEMENTS (KOHA)
Koha item type Books
Holdings
Withdrawn status Lost status Source of classification or shelving scheme Damaged status Not for loan Permanent Location Current Location Shelving location Date acquired Accession Number Price effective from Koha item type
    Library of Congress Classification     NILE UNIVERSITY OF NIGERIA - MAIN LIBRARY NILE UNIVERSITY OF NIGERIA - MAIN LIBRARY Items on shelf 04/23/2025 0011497 04/23/2025 Books